التخطيط الإقليمي وتطبيقاته الجغرافية /
صحيح أن التخطيط الإقليمي كموضوع له منهج وأسلوب قديم في العالم وخاصة في الدول الأوروبية والولايات المتحدة الأمريكية، الإ أنه يعد في مصر من الموضوعات الحديثة نسبياً في ميدان الجغرافيا....
Saved in:
| 主要作者: | |
|---|---|
| 格式: | 图书 |
| 语言: | 阿拉伯语 |
| 出版: |
الرياض :
دار المعرفة للتنمية البشرية،
2007.
|
| 主题: | |
| 标签: |
添加标签
没有标签, 成为第一个标记此记录!
|
MARC
| LEADER | 00000nam a22000007a 4500 | ||
|---|---|---|---|
| 003 | INP | ||
| 005 | 20181115122450.0 | ||
| 008 | 140105s2007 su ab fr 001 0 ara d | ||
| 952 | |0 0 |1 0 |4 0 |6 301_250000000000000_ع_ت |7 0 |8 arabic_Boo |9 3373 |a INP |b INP |c MAIN |d 2018-04-03 |l 0 |o 301.25 ع ت |p 002733 |r 2022-03-28 00:00:00 |w 2018-04-03 |y BK |0 0 | ||
| 999 | |c 7858 |d 7858 | ||
| 017 | |a 1428/849 |b السعودية. المكتبة الوطنية | ||
| 020 | |a 9960939065 | ||
| 040 | |a EG-INP |b ara |c EG-INP | ||
| 082 | 0 | 4 | |a 301.25 |b ع ت |2 21 |
| 100 | 1 | |a صديق، عبد الفتاح. | |
| 245 | 1 | 2 | |a التخطيط الإقليمي وتطبيقاته الجغرافية / |c عبد الفتاح صديق. |
| 260 | |a الرياض : |b دار المعرفة للتنمية البشرية، |c 2007. | ||
| 300 | |a 356 ص. : |b إيض. ؛ |c 24 سم. | ||
| 504 | |a يشتمل على إرجاعات بيليوجرافية. | ||
| 520 | |a صحيح أن التخطيط الإقليمي كموضوع له منهج وأسلوب قديم في العالم وخاصة في الدول الأوروبية والولايات المتحدة الأمريكية، الإ أنه يعد في مصر من الموضوعات الحديثة نسبياً في ميدان الجغرافيا. | ||
| 650 | 7 | |a التخطيط الاقليمي. |2 qrmak | |
| 650 | 7 | |a التخطيط المحلي. |2 qrmak | |
| 650 | 7 | |a تخطيط المدن. |2 qrmak | |
| 700 | |a | ||
| 901 | |a EGPV3 | ||
| 902 | |a EGPV30 | ||
| 903 | |a original | ||
| 942 | |c BK |2 ddc | ||